Zaúčtovanie špeciálnej formy

Účtovanie majetku podľa predpokladanej doby použiteľnosti do dlhodobého alebo krátkodobého majetku. Účtovanie majetku do zásob a postup účtovania.

Enregistré dans:
Détails bibliographiques
Auteur principal: Kubaščíková, Zuzana, 1982-
Format: Chapitre de livre
Langue:slovaque
Sujets:
Tags: Ajouter un tag
Pas de tags, Soyez le premier à ajouter un tag!

MARC

LEADER 00000naa a2200000 4500
001 0172047
005 20240502072941.7
041 0 |a slo 
044 |a SK 
245 1 0 |a Zaúčtovanie špeciálnej formy  |c Zuzana Kubaščíková 
520 |a Účtovanie majetku podľa predpokladanej doby použiteľnosti do dlhodobého alebo krátkodobého majetku. Účtovanie majetku do zásob a postup účtovania. 
610 2 0 |a účtovníctvo 
610 2 0 |a postupy účtovné 
610 2 0 |a dokumentácia účtovná 
610 2 0 |a metódy účtovné 
610 2 0 |a účtovanie 
610 2 0 |a zásoby materiálu 
100 1 |a Kubaščíková, Zuzana, 1982-